|
|
|
|
| LEADER |
00000nam0a2200000 4500 |
| 001 |
37476 |
| 005 |
20240209103511.0 |
| 035 |
|
|
|a (RuTPU)RU\TPU\book\38059
|
| 090 |
|
|
|a 37476
|
| 100 |
|
|
|a 20020124d2001 m y0rusy50 ca
|
| 101 |
0 |
|
|a rus
|
| 102 |
|
|
|a RU
|
| 105 |
|
|
|a a j 001zy
|
| 200 |
1 |
|
|a Базы знаний и экспертные системы
|e учебное пособие
|f В. Г. Спицын
|g Томский политехнический университет (ТПУ), Институт дистанционного образования (ИДО)
|
| 210 |
|
|
|a Томск
|c Изд-во ТПУ
|d 2001
|
| 215 |
|
|
|a 87 с.
|c ил.
|
| 320 |
|
|
|a Библиогр.: с. 85
|
| 610 |
1 |
|
|a архитектура
|
| 610 |
1 |
|
|a искусственный интеллект
|
| 610 |
1 |
|
|a экспертные системы
|
| 610 |
1 |
|
|a компоненты
|
| 610 |
1 |
|
|a диалоговая подсистема
|
| 610 |
1 |
|
|a нечеткая логика
|
| 610 |
1 |
|
|a нейросетевые системы
|
| 610 |
1 |
|
|a входные сообщения
|
| 610 |
1 |
|
|a учебные пособия
|
| 610 |
1 |
|
|a дистанционное образование
|
| 675 |
|
|
|a 681.5(075.8)
|v 3
|
| 700 |
|
1 |
|a Спицын
|b В. Г.
|c специалист в области информатики и вычислительной техники
|c профессор Томского политехнического университета, доктор технических наук
|f 1948-
|g Владимир Григорьевич
|3 (RuTPU)RU\TPU\pers\22707
|9 9740
|
| 712 |
0 |
2 |
|a Томский политехнический университет (ТПУ)
|b Институт дистанционного образования (ИДО)
|3 (RuTPU)RU\TPU\col\12625
|
| 801 |
|
1 |
|a RU
|b 63413507
|c 20020124
|g PSBO
|
| 801 |
|
2 |
|a RU
|b 63413507
|c 20201118
|g PSBO
|
| 942 |
|
|
|c BK
|